| 000 | 01093nam a22002177a 4500 | ||
|---|---|---|---|
| 999 |
_c63081 _d63081 |
||
| 003 | Ge_BSU | ||
| 005 | 20250530114410.0 | ||
| 008 | 250530s2024 ge ||||| |||| 00| 0 geo d | ||
| 020 | _a9789941865992 | ||
| 041 | _ageo | ||
| 080 | _a141.45 დ-70 | ||
| 100 |
_aდოკინსი, რიჩარდ _925185 |
||
| 245 |
_aღმერთის დელუზია = The God Delusion / _cრიჩარდ დოკინსი; მთარგმნელი მამუკა ჩახვაშვილი; სამეცნიერო რედაქტორი კახა მჭედლიშვილი. |
||
| 264 |
_aთბილისი : _bაქტი, _c 2024. |
||
| 300 |
_a540 გვ. ; _b20 სმ. |
||
| 504 | _aბიბლიოგრაფია: გვ. 522-531. | ||
| 653 | _aათეიზმი | ||
| 700 |
_aჩახვაშვილი, მამუკა _e მთარგმნელი _925186 |
||
| 700 |
_aმჭედლიშვილი, კახა _e სამეცნიერო რედაქტორი _925187 |
||
| 942 |
_2udc _cBK |
||